Statistics for Word Scramble- Famous Soccer Players

Click here to take the quiz!

General Stats

  • This quiz has been taken 40 times
  • The average score is 6 of 9

Answer Stats

HintAnswer% Correct
appebmmbappe
100%
gedeade gea
89%
enuyedbrde bruyne
83%
simesmessi
83%
landaahhaaland
80%
divajknvan dijk
74%
maynerrjneymar jr.
63%
instgerlsterling
17%
mosariogressergio ramos
11%

Score Distribution

Percentile by Number Answered

Percent of People with Each Score

Your Score History

You have not taken this quiz